[Event "Ibague op"]
[Site "Ibague"]
[Date "2021.10.21"]
[Round "3"]
[White "Suaza Sanabria, Laura Sofia"]
[Black "Palomares Valencia, Daniel Felipe"]
[Result "1-0"]
[WhiteElo "1418"]
[BlackElo "1793"]
[PlyCount "63"]
[EventDate "2021.10.20"]
[EventType "swiss"]
[EventRounds "9"]
[EventCountry "COL"]
[SourceTitle "CBM 204 Extra"]
[Source "ChessBase"]
[SourceDate "2021.11.30"]
[SourceVersion "1"]
[SourceVersionDate "2021.11.30"]
[SourceQuality "1"]

1. e4 c5 2. Nf3 d6 3. d4 cxd4 4. Nxd4 Nf6 5. Nc3 g6 6. g3 Bg7 7. Bg2 0-0 8. 0-0 Nc6 9. Nde2 Bd7 10. h3 Rc8 11. f4 Na5 12. Kh2 Qc7 13. Rf3 b5 14. a3 Nc4 15. Nd4 a6 16. b3 Nb6 17. Bb2 e5 18. fxe5 dxe5 19. Nde2 a5 20. Rc1 Bc6 21. Rd3 b4 22. axb4 axb4 23. Nd5 Bxd5 24. exd5 Bh6 25. d6 Qc5 26. Rb1 Qxc2 27. Bxe5 Nfd7 28. Bf4 g5 29. Be3 Rfe8 30. Nd4 Qxd1 31. Rbxd1 Nc4 32. Nf5 1-0

[Event "Manizales Las Americas op-C"]
[Site "Manizales"]
[Date "2021.10.17"]
[Round "6"]
[White "Obando Yandun, Dario Andres"]
[Black "Suaza Sanabria, Laura Sofia"]
[Result "0-1"]
[WhiteElo "1619"]
[BlackElo "1418"]
[PlyCount "38"]
[EventDate "2021.10.14"]
[EventType "swiss"]
[EventRounds "9"]
[EventCountry "COL"]
[SourceTitle "EXT 2023"]
[Source "ChessBase"]
[SourceDate "2022.10.05"]
[SourceVersion "1"]
[SourceVersionDate "2022.10.05"]
[SourceQuality "1"]

1. e4 d6 2. d4 Nf6 3. Nc3 Nbd7 4. f4 e5 5. fxe5 dxe5 6. dxe5 Nxe5 7. Qxd8+ Kxd8 8. Bf4 Ng6 9. 0-0-0+ Bd7 10. Bg3 c6 11. a3 Bc5 12. Bc4 Ke7 13. h3 Rad8 14. Be2 Be6 15. Nf3 Rxd1+ 16. Rxd1 Rd8 17. Rxd8 Kxd8 18. Ng5 Be3+ 19. Kb1 Bxg5 0-1

[Event "Manizales Las Americas op-C"]
[Site "Manizales"]
[Date "2021.10.14"]
[Round "1"]
[White "Suaza Sanabria, Laura Sofia"]
[Black "Cuervo, Cesar Augusto"]
[Result "1-0"]
[WhiteElo "1418"]
[BlackElo "1638"]
[PlyCount "35"]
[EventDate "2021.10.14"]
[EventType "swiss"]
[EventRounds "9"]
[EventCountry "COL"]
[SourceTitle "EXT 2023"]
[Source "ChessBase"]
[SourceDate "2022.10.05"]
[SourceVersion "1"]
[SourceVersionDate "2022.10.05"]
[SourceQuality "1"]

1. e4 c5 2. Nf3 a6 3. d4 cxd4 4. Nxd4 d6 5. g3 Nf6 6. Bg2 Qc7 7. 0-0 e6 8. Nc3 Be7 9. h3 0-0 10. Kh2 Nbd7 11. f4 Rb8 12. a4 b6 13. e5 dxe5 14. fxe5 Nxe5 15. Bf4 Bd6 16. Re1 Ng6 17. Nxe6 Bxe6 18. Bxd6 1-0

[Event "Tolima Departament-ch U18"]
[Site "Tolima"]
[Date "2020.01.08"]
[Round "3"]
[White "Diaz, Luisa Fernanda"]
[Black "Suaza Sanabria, Laura Sofia"]
[Result "1/2-1/2"]
[WhiteElo "1690"]
[BlackElo "1405"]
[PlyCount "64"]
[EventDate "2020.01.07"]
[EventType "swiss"]
[EventRounds "5"]
[EventCountry "COL"]
[SourceTitle "CBM 195 Extra"]
[Source "ChessBase"]
[SourceDate "2020.05.31"]
[SourceVersion "1"]
[SourceVersionDate "2020.05.31"]
[SourceQuality "1"]

1. e4 e5 2. Nf3 d6 3. Bc4 Be7 4. c3 Nf6 5. d3 0-0 6. Bb3 c6 7. Nbd2 Nbd7 8. 0-0 Re8 9. Re1 Bf8 10. Nf1 d5 11. Ng3 Nc5 12. exd5 Nxb3 13. Qxb3 Qxd5 14. Qxd5 Nxd5 15. Rxe5 Rxe5 16. Nxe5 Bd6 17. d4 f6 18. Nc4 Bc7 19. Bd2 Bd7 20. Ne3 Re8 21. Nxd5 cxd5 22. Re1 Rxe1+ 23. Bxe1 Bxg3 24. fxg3 Kf7 25. Kf2 b5 26. Kf3 h5 27. h3 Bf5 28. Bd2 g5 29. Bc1 Bb1 30. a3 Bc2 31. h4 Kg6 32. Bd2 Kf5 1/2-1/2

[Event "Tolima Departament-ch U18"]
[Site "Tolima"]
[Date "2020.01.07"]
[Round "1"]
[White "Gil Giraldo, Oscar Leandro"]
[Black "Suaza Sanabria, Laura Sofia"]
[Result "0-1"]
[WhiteElo "1538"]
[BlackElo "1405"]
[PlyCount "82"]
[EventDate "2020.01.07"]
[EventType "swiss"]
[EventRounds "5"]
[EventCountry "COL"]
[SourceTitle "CBM 195 Extra"]
[Source "ChessBase"]
[SourceDate "2020.05.31"]
[SourceVersion "1"]
[SourceVersionDate "2020.05.31"]
[SourceQuality "1"]

1. e4 e5 2. f4 exf4 3. Nf3 d6 4. h3 Be7 5. Bc4 h6 6. Nc3 Nf6 7. 0-0 0-0 8. d4 Nbd7 9. Bxf4 a6 10. a4 Re8 11. Re1 Nf8 12. d5 Ng6 13. Bh2 Bf8 14. e5 dxe5 15. Nxe5 Nxe5 16. Rxe5 Rxe5 17. Bxe5 Bd6 18. Qe2 Qe7 19. Re1 Bxe5 20. Qxe5 Qc5+ 21. Qe3 Qxc4 22. Rd1 b6 23. Rd4 Qc5 24. Qe5 Bd7 25. b4 Qxc3 26. Qf4 Re8 27. Rc4 Qe3+ 28. Qxe3 Rxe3 29. Rxc7 Bxa4 30. c4 Rc3 31. d6 Be8 32. Rc8 Kf8 33. c5 bxc5 34. bxc5 a5 35. d7 Nxd7 36. c6 Nb6 37. Rd8 a4 38. c7 a3 39. Rd2 Rxc7 40. Kh2 f6 41. Ra2 Ra7 0-1

[Event "COL-ch U15 Girls"]
[Site "Bogota"]
[Date "2019.12.07"]
[Round "4.4"]
[White "Tovar Estevez Breton, Isabela"]
[Black "Suaza Sanabria, Laura Sofia"]
[Result "1-0"]
[WhiteElo "1400"]
[BlackElo "1390"]
[PlyCount "87"]
[EventDate "2019.12.06"]
[EventType "swiss"]
[EventRounds "6"]
[EventCountry "COL"]
[SourceTitle "EXT 2024"]
[Source "ChessBase"]
[SourceDate "2023.10.10"]
[SourceVersion "1"]
[SourceVersionDate "2023.10.10"]
[SourceQuality "1"]

1. e4 e5 2. Nf3 d6 3. g3 Be7 4. Bg2 Nf6 5. 0-0 0-0 6. Re1 Be6 7. h3 Nc6 8. Nc3 h6 9. b3 Qd7 10. g4 Nh7 11. d4 exd4 12. Nxd4 Nxd4 13. Qxd4 Bf6 14. Qd2 c6 15. Bb2 Bh4 16. Re2 h5 17. f4 f6 18. f5 Bf7 19. Rd1 Bg3 20. Qe3 Be5 21. Red2 b5 22. Ba1 c5 23. Nd5 Bxa1 24. Rxa1 hxg4 25. hxg4 Ng5 26. Nf4 Rad8 27. Rad1 Qc7 28. Nd5 Qd7 29. c3 Rfe8 30. Nf4 Qc7 31. Nh3 Nh7 32. g5 fxg5 33. Nxg5 Nf6 34. Nxf7 Kxf7 35. c4 bxc4 36. bxc4 Qe7 37. Re1 Rh8 38. e5 Ng4 39. e6+ Kg8 40. Qg3 Ne5 41. Bd5 Rh5 42. f6 Qc7 43. e7+ Kh8 44. Qxg7# 1-0

[Event "COL-ch Superate Intercol U14 Girls"]
[Site "Barranquilla"]
[Date "2018.11.20"]
[Round "4.5"]
[White "Suaza Sanabria, Laura Sofia"]
[Black "Suarez Ardila, Luisa Maria"]
[Result "0-1"]
[WhiteElo "1283"]
[BlackElo "1415"]
[PlyCount "128"]
[EventDate "2018.11.19"]
[EventType "swiss"]
[EventRounds "7"]
[EventCountry "COL"]
[SourceTitle "EXT 2024"]
[Source "ChessBase"]
[SourceDate "2023.10.10"]
[SourceVersion "1"]
[SourceVersionDate "2023.10.10"]
[SourceQuality "1"]

1. e4 c5 2. Nf3 g6 3. d4 cxd4 4. Nxd4 Nc6 5. Be3 Bg7 6. c4 Nf6 7. Nc3 0-0 8. Be2 e6 9. 0-0 d5 10. Nxc6 bxc6 11. exd5 cxd5 12. Qc2 Qc7 13. Nb5 Qb7 14. Nd6 Qc6 15. Nxc8 Rfxc8 16. b3 Ne4 17. Rad1 Nc3 18. Rd2 Nxe2+ 19. Rxe2 dxc4 20. bxc4 Qxc4 21. Qxc4 Rxc4 22. h3 Bd4 23. Bh6 Rac8 24. Rb1 Bg7 25. Be3 a5 26. Rb5 a4 27. Ra5 Bc3 28. Ra7 Be5 29. g3 Bd4 30. Bxd4 Rxd4 31. Rb2 Rc5 32. Rbb7 Rf5 33. Rd7 Re4 34. Rd2 h5 35. Kg2 h4 36. g4 Rff4 37. Rc2 Rd4 38. Rac7 Rd3 39. R7c3 Rff3 40. Rxd3 Rxd3 41. Re2 Kg7 42. g5 Rd5 43. f4 Rd3 44. Kh2 Rf3 45. Kg2 Rxf4 46. Re3 Rf5 47. Re4 Rxg5+ 48. Kh2 Ra5 49. Rxh4 f5 50. Kg3 Kf6 51. Rc4 g5 52. h4 gxh4+ 53. Kxh4 a3 54. Kg3 e5 55. Kf3 Kg5 56. Rc3 e4+ 57. Ke3 Ra4 58. Rc1 f4+ 59. Kf2 Rb4 60. Rg1+ Kf5 61. Ra1 Rb2+ 62. Ke1 e3 63. Kf1 f3 64. Ke1 Rh2 0-1

[Event "COL-ch (Women)"]
[Site "Bogota"]
[Date "2018.11.12"]
[Round "9"]
[White "Lopez Rayo, Isabella"]
[Black "Suaza Sanabria, Laura Sofia"]
[Result "0-1"]
[WhiteElo "1450"]
[BlackElo "1283"]
[PlyCount "52"]
[EventDate "2018.11.06"]
[EventType "swiss"]
[EventRounds "9"]
[EventCountry "COL"]
[SourceTitle "CBM 187 Extra"]
[Source "ChessBase"]
[SourceDate "2018.11.04"]
[SourceVersion "1"]
[SourceVersionDate "2018.11.04"]
[SourceQuality "1"]

1. e4 e5 2. Nf3 d6 3. d4 Nd7 4. dxe5 Nxe5 5. Nxe5 dxe5 6. Qxd8+ Kxd8 7. Bc4 f6 8. Nc3 Bd6 9. Be3 c6 10. 0-0-0 Kc7 11. f3 Bd7 12. Rd2 Bb4 13. Rhd1 Rd8 14. Bxa7 Bxc3 15. Bb6+ Kxb6 16. bxc3 Kc7 17. Be6 Bxe6 18. Rxd8 h5 19. R8d6 Bd5 20. exd5 Kxd6 21. dxc6+ Kxc6 22. Rd8 Kc7 23. Rf8 Kc6 24. Kd2 Kd6 25. Rf7 Ne7 26. Rxg7 Rg8 0-1